01611cam a22003977a 4500003000500000005001700005008004100022010000900063011000900072035000900081040000900090082001800099100002500117245017800142260008500320300001100405490003900416590004100455590004100496590004100537590004100578590004100619590004100660590004200701650004200743650005100785650004200836700004700878700002800925830003900953901000700992942001000999949005901009999001501068952013001083CHAP20220817041040.0971013s1987 r 00010 d a5301 a6273 a5493 cCHAP a631.0915bA5300aAldon, Earl F.93711 0aEstrategias de clasificación y manejo de vegetación silvestre para la producción de alimentos en zonas áridasb: memoria del simposio... Octubre, 1987, Tucson, Ariz. aFort Collins, Colo. :bRocky Mountain Forest and Range Experiment Station,c1987 a257 p. 0aGeneral Technical Reportv; RM-150 aBATCH-UPDb10c20130109lUCH01h2357 aBATCH-UPDb10c20130110lUCH01h0337 aBATCH-UPDb10c20130110lUCH01h2007 aBATCH-UPDb10c20130409lUCH01h1931 aBATCH-UPDb10c20130410lUCH01h1327 aBATCH-UPDb10c20130914lUCH01h0727 aCONVERSIONb10c20130109lUCH01h130414aBotánicaxRegiones áridas.91461214aPlantas comestiblesxRegiones áridas.98891714aRegiones áridasxBotánica.9956760 aGonzález Vicente, Carlos Enrique.9494810 aMoir, William H.9772970 aGeneral Technical Reportv; RM-150 aBK cLIBRO a631.0915 A53bBCcLIBROd-15075eLIBROh81790i5493si c5301d5301 00102ddc4052708GRALaBCbBCcPP_GRALd2019-12-31fLIBROl0o631.0915 A53p-15075r2019-12-31 00:00:00w2019-12-31yLIBRO